00910nam a22002657a 45000010005000000030006000050050017000110080041000280200018000690400029000870500013001160820014001291000025001432450069001682500027002372600035002643000045002995050007003445200173003515210019005245210018005436500025005616500024005867000034006105125FISKH20250602094932.0241107b cb ||||| |||| 00| 0 eng d a9780545109444 aFISKHbengcFISKHdFISKH aSB63.C46 a634.11092 aKurtz, Janed(1952-) aJohnny appleseed /cBy Jane Kurtz Illustrated by Mary Haverfield aFirst printing in 2008 aNew York :bScholastic,c2008. a32 pages :bcolor illustrations ;c23 cm aJ  aWho's that walking along the Ohio? It's Johnny Appleseed! He walks across the land, planting trees wherever he goes. So, everyone, clap your hands for Johnny Appleseed!8 a430 bLexile 8 aJ bRaz-Plus  2ApplesaFallvAutumn 2BiographyaHistory. aHaverfield, MarydIllustrator